| 000 | 00759cam a2200145 4500500 | ||
|---|---|---|---|
| 005 | 20251228073631.0 | ||
| 041 | _afre | ||
| 042 | _adc | ||
| 100 | 1 | 0 |
_avon Hesberg, Henner _eauthor |
| 245 | 0 | 0 | _aLehmann Tomas, Salzmann Dieter éd., Aquileia, Kreuzweg des römischen Imperiums, Wirtschaft, Gesellschaft, Kunst, Dokumentarausstellung zur Geschichte von Aquileia, Münster, Veröffentlichungen des Archäologischen Museums der Westfälischen Wilhems-Universität Münster, 1, 2002, 1 vol. 15 × 22, 87 p., 3 plans, fig. ds t. |
| 260 | _c2004. | ||
| 500 | _a10 | ||
| 786 | 0 | _nRevue archéologique | 38 | 2 | 2004-09-01 | p. 419k-441k | 0035-0737 | |
| 856 | 4 | 1 | _uhttps://shs.cairn.info/revue-archeologique-2004-2-page-419k?lang=fr&redirect-ssocas=7080 |
| 999 |
_c1595591 _d1595591 |
||